000 01153nam a22002897a 4500
001 5109
003 FISKH
005 20241106135149.0
008 241106b cb ||||| |||| 00| 0 eng d
020 _a9781909489943
040 _aFISKH
_beng
_cFISKH
_dFISKH
050 _aPZ7.S644648
082 _a813.6
100 _aSmith, Dan
245 _aThe hunt is on big game /
_cby Dn Smith
250 _aFirst Published in Great Britain in 2015
260 _aFrome :
_bChicken House ;
_c2015.
300 _a267 pages :
_billustrations ;
_c21 cm .
505 _aU
520 _a13-year-old Oskari is sent into the cold wilderness on an ancient test of manhood. He must survive armed only with a bow and arrow. But instead, he stumbles upon an escape pod from a burning airliner: Air Force One. Terrorists have shot down the President of the United States. The boy hunter and the world's most powerful man are suddenly the hunted, in a race against a deadly enemy.
521 8 _a830
_bLexile
521 8 _aU
_bRaz-Plus
650 _asurvival
_vfiction
700 _aWells, Steve
_eBook designer
942 _2ddc
_cBK
_n0
999 _c5109
_d5109